Football - Equipe type Real Madrid 2017-2018 - Statistiques

Statistiques générales
  • Ce quiz a été pris 7 588 fois
  • Le résultat moyen est 12 sur 12
Statistiques - réponses
Par images Réponse % Correct
Benzema
99%
Marcelo
99%
Modric
99%
Navas
99%
Ramos
99%
Ronaldo
99%
Varane
99%
Zidane
99%
Kroos
98%
Casemiro
97%
Carvajal
95%
Isco
92%
Aucun quiz correspondant
Distribution des résultats
% des personnes avec chaque résultat
Percentile par nombre de réponses
Votre historique - résultats
Vous n’avez pas pris ce quiz